000 008470000a22002530004500
001 52529
010 _a978-989-97628-3-1
021 _aPT
_b342858/12
100 _a20180103d2018 k y0pory5003 ba
101 0 _apor
102 _aPT
200 1 _aPerdida de riso
_fGraça Breia
_gil. Raquel Pinheiro
210 _aCascais
_cCercica
_d2012
215 _a39, [2] p.
_ctodo il.
225 2 _a4 leituras
606 _92108
_aLiteratura infantojuvenil
_xconto
675 _a821.134.3-34
_vBN
_zpor
700 1 _911060
_aBreia
_bGraça
702 1 _936695
_4440
_aPinheiro
_bRaquel
_f1976-
801 _aPT
_c20180103
859 _uhttps://img.wook.pt/images/perdida-de-riso-graca-breia/MXwxMzY0MTM1Nnw5MjE0OTc3fDEzODM1MjMyMDAwMDA=/260x
_zCapa
090 _a52529
942 _cMON
_n0
999 _a52529